000 00515nam a2200169 i 4500
001 84205
003 ES-MaACL
005 20230906174952.0
007 t|
008 041122s1968 sp ||||1| spa d
100 1 _aJean-Nesmy, Claude.
_966237
245 1 0 _aPráctica de la misa /
_cClaude Jean-Nesmy ; [versión de Alejandro Esteban Lator Ros].
260 _aBarcelona :
_bHerder,
_c1968.
300 _a321 p. ;
_c19 cm.
700 1 _aLator Ros, Alejandro Esteban.
_970527
852 _aES-MaACL
_jC-51550
_bR.66872
999 _c84205
_d84205